000 00844nam a2200253Ia 4500
003 GCL
008 140319s9999 xx 000 0 ara d
020 _a746345977
040 _aGCL /
_cGCL
082 0 4 _a613.26
_bب ك
100 1 _aقسم الترجمة والنشر بالدار
245 1 0 _aكيف تنقص وزنك دون اتباع نظام غذائى /
_cقسم الترجمة والنشر بالدار
700 1 _aباركر، مارك
250 _aالاولى
260 _aالقاهرة :
_bدار الفاروق للنشر والتوزيع ،
_c2004
300 _a125 ص ؛
_c19 سم
490 _aصحة وعافية
_v0
650 0 4 _aالرعاية الصحية
650 0 4 _aالصحة العامة
650 0 4 _aالرجيم
650 0 4 _aالاغذية
650 0 4 _aالوعى الصحى
942 _2ddc
_cBK
999 _c7209
_d7209